000
00315nam a2200133Ia 4500
008
191201s2014 xx 000 0 und d
100
_a
MALHOTRA, MM
245
0
_a
Design of Steel Structures
250
_a
Rep
260
_a
N. Delhi
_b
Jain Brothers
_c
2014
300
_a
448
650
_a
B.Tech(CE)
942
_2
ddc
_c
BK
999
_c
5885
_d
5885